Puesta en marcha del análisis de capacidad de las características índice de refracción, densidad, y PH de un desinfectante
Salvato in:
| Autore principale: | |
|---|---|
| Natura: | Libro |
| Lingua: | Spanish |
| Pubblicazione: |
San José, Costa Rica
2015
|
| Tags: |
Aggiungi Tag
Nessun Tag, puoi essere il primo ad aggiungerne!!
|
MARC
| LEADER | 00000nam a22000007a 4500 | ||
|---|---|---|---|
| 003 | 011114 | ||
| 005 | 20221231143900.0 | ||
| 008 | 150311b2015 cr a|||| |||| 00| 0 spa d | ||
| 040 | |c cru CEDI | ||
| 090 | |a TFG 7279 | ||
| 100 | |9 421 |a Leitón Picado, Julio César | ||
| 245 | |a Puesta en marcha del análisis de capacidad de las características índice de refracción, densidad, y PH de un desinfectante | ||
| 260 | |a San José, Costa Rica |c 2015 | ||
| 500 | |a Proyecto de graduación (licenciatura en ingeniería química)--Universidad de Costa Rica. Facultad de Ingeniería. Escuela de Ingeniería Química | ||
| 942 | |c TFG | ||
| 999 | |c 13682 |d 13682 | ||
